| 000 | 00598cam a2200157u 4500 | ||
|---|---|---|---|
| 082 |
_a940.27 _bROB |
||
| 100 | 1 |
_aRobinson, C. W. _950069 |
|
| 245 | 1 | 0 |
_aWellington's campaigns, Peninsula-Waterloo, 1808-15; _balso Moore's campaign of Corunna (for military students) |
| 260 |
_aLondon, _bHugh Rees, ltd., _c1905-08. |
||
| 300 |
_a3 v. _bfold. maps (incl. fronts.) fold. plans, facsim. _c22 cm. |
||
| 526 |
_a0 _b0 _c0 _d940_270000000000000_ROB |
||
| 650 | 0 |
_aMCE _9379 |
|
| 650 | 0 |
_aPeninsular War, 1807-1814. _949379 |
|
| 650 | 0 |
_aWaterloo, Battle of, Waterloo, Belgium, 1815. _949627 |
|
| 942 |
_2ddc _cBK |
||
| 999 |
_c553372 _d553372 |
||